Liste des Pokémon rongeurs et lagomorphes - Statistiques

Statistiques générales
  • Ce quiz a été pris 15 fois
  • Le résultat moyen est 38 sur 46
Statistiques - réponses
N° Pokédex Pokémon % Correct
#0019 Rattata
100%
#0020 Rattatac
100%
#0020 Rattatac d'Alola
100%
#0019 Rattata d'Alola
100%
#0427 Laporeille
93%
#0428 Lockpin
93%
#0172 Pichu
93%
#0025 Pikachu
93%
#0026 Raichu
93%
#0026 Raichu d'Alola
93%
#0702 Dedenne
87%
#0587 Emolga
87%
#0660 Excavarenne
87%
#0151 Mew
87%
#0150 Mewtwo
87%
#0877 Morpeko
87%
#0029 Nidoran♀
87%
#0032 Nidoran♂
87%
#0417 Pachirisu
87%
#0819 Rongourmand
87%
#0820 Rongrigou
87%
#0659 Sapereau
87%
#0400 Castorno
80%
#0155 Héricendre
80%
#0399 Keunotor
80%
#0505 Miradar
80%
#0312 Négapi
80%
#0311 Posipi
80%
#0504 Ratentif
80%
#0777 Togedemaru
80%
#0184 Azumarill
73%
#0298 Azurill
73%
#0924 Compagnol
73%
#0925 Famignol
73%
#0813 Flambino
73%
#0814 Lapyro
73%
#0183 Marill
73%
#0921 Pohm
73%
#0923 Pohmarmotte
73%
#0922 Pohmotte
73%
#0815 Pyrobut
73%
#0572 Chinchidou
67%
#0573 Pashmilla
67%
#0898 Sylveroy
67%
#0494 Victini
67%
#0944 Gribouraigne
53%
Aucun quiz correspondant
Distribution des résultats
% des personnes avec chaque résultat
Percentile par nombre de réponses
Votre historique - résultats
Vous n’avez pas pris ce quiz